|
|
|
|
| LEADER |
00000naa2a2200000 4500 |
| 001 |
393623 |
| 005 |
20231101064418.0 |
| 035 |
|
|
|a (RuTPU)RU\TPU\prd\29850
|
| 090 |
|
|
|a 393623
|
| 100 |
|
|
|a 20041115a2004 k y0rusy50 ca
|
| 101 |
0 |
|
|a rus
|
| 102 |
|
|
|a RU
|
| 200 |
1 |
|
|a Пластины резиновые и резинотканевые. Технические условия по ГОСТ 7338-90
|
| 225 |
1 |
|
|a Справочник конструктора-машиностроителя
|
| 461 |
|
1 |
|0 (RuTPU)RU\TPU\prd\1723
|x 0203-347X
|t Справочник. Инженерный журнал
|o научно-технический и производственный журнал
|d 2000-
|
| 463 |
|
1 |
|0 (RuTPU)RU\TPU\prd\28966
|t № 9
|v С. 50-58
|d 2004
|
| 610 |
1 |
|
|a стандарты
|
| 610 |
1 |
|
|a технические условия
|
| 610 |
1 |
|
|a пластины резиновые
|
| 610 |
1 |
|
|a резиновые пластины
|
| 610 |
1 |
|
|a вулканизация
|
| 610 |
1 |
|
|a эксплуатация
|
| 801 |
|
1 |
|a RU
|b 63413507
|c 20041115
|g PSBO
|
| 801 |
|
2 |
|a RU
|b 63413507
|c 20140116
|g RCR
|
| 942 |
|
|
|c BK
|